000 00980nam a2200313 a 4500
001 vtls001402023
003 NLI
005 20210627112953.0
008 121127s1959 enk 000 j eng
020 _cRs. 20.00
039 9 _y201211272014
_zVLOAD
040 _aNLI
_beng
_cDatasoft_2012
_eAACR2
041 1 _aeng
_hscc
044 _a enk
082 0 4 _a 891.823
100 1 _aAndric, Ivo,
_d1892-1975
_9704193
245 1 0 _aBosnian story /
_cIvo Andric ; translated by Kenneth Johnstone
260 _aLondon :
_bLincolns-Prager,
_c1959
300 _a461 p. ;
_c20 cm.
440 0 _aModern Yugoslav novels
650 0 _aShort stories, Yugoslav
_xTranslations into English
_9974577
651 0 _aYugoslavia
_xSocial life and customs
_xFiction
_9974578
700 1 _aJohnstone, Kenneth,
_4trl
_9975508
887 _a
901 _a344479
_b26.04.1962
902 _aE 891.823 An 28 b
949 _AVIRTUAITEM
_D10000
_X100
_6PUR000344479ENG
942 _2ddc
_cBKS
999 _aVIRTUA40
_c856232
_d856232